| 000 | 00572nam a2200193Ia 4500 | ||
|---|---|---|---|
| 008 | 220214s9999 xx 000 0 und d | ||
| 100 | _aReis EL | ||
| 245 | 0 | _aEffects of nitrogen, phosphorus and potassium addition on growth of rubber tree (Hevea brasiliensis Muell-Arg) | |
| 260 |
_bRevista Theobroma _c1984 |
||
| 300 | _a42-52 | ||
| 650 | _aAdubacao mineral | ||
| 650 | _aHevea brasiliensis | ||
| 650 | _aNPK | ||
| 650 | _aPalavras-chave | ||
| 650 | _aSolo | ||
| 700 |
_a _da Silva Souza Luiz Francisco |
||
| 700 | _ade Mello eFrancisco de Assis | ||
| 942 | _cRE | ||
| 999 |
_c45700 _d45700 |
||